000 00887nam a2200241Ia 4500
003 CO-CtgCURN
005 20250410164850.0
008 190722s9999 xx 000 0 und d
020 _a9586760049
040 _aCO-CtgCURN
_bspa
_ccoctgcurn
082 _a342.088
_bL864r
100 _aLopez Morales, Jairo
245 0 _aResponsabilidad patrimonial del estado :
_bEvolucion de la Jurisprudencia /
_cJairo Lopez Morales
260 _aBogotá, Colombia :
_bEdiciones Doctrina y Ley,
_c2001
300 _a741 páginas ;
_c23 centímetros
521 _aAREA PROFESIONAL
590 _aPrograma de Derecho_18
650 _aDerecho administrativo
650 _aResponsabilidad del estado
942 _cBK
_h342.088
_iL864r
_2ddc
_n0
999 _c28447
_d28447